000 01664cam a2200493 a 4500
001 20930
003 VRT
005 20260207102609.0
008 240318s1971 xo o e 000 1bslo
015 _aSNBA1971/05-01277
035 _aSK01SNK19710046991
035 _aSKM000049454
039 9 _a202403181642
_bVLOAD
_c202109281318
_dVLOAD
_c202109161623
_dVLOAD
_c202006171954
_dmsvkbb04
040 _aSNK
_bslo
_cSNK
_eAACR2
041 0 _aslo
044 _axo
_cSK
072 7 _a821.162.4.09
_xSlovenská literatúra (o nej)
_2konspekt
080 _a821.162.4-051
_22011
080 _a(0:82-94)
_22011
100 1 _aPlávka, Andrej,
_d1907-1982
_4aut
245 1 0 _aSmädný milenec
_bskoro ako román jedného života
_cAndrej Plávka
250 _aVyd. 1.
260 _aBratislava
_bSlovenský spisovateľ
_c1971
300 _a540, [2] s., [26] s. fotogr. príl.
_c19 cm
366 _e13000 výt.
490 1 _aSlovenská próza
500 _aViazaná
600 1 _aPlávka, Andrej,
_d1907-1982
_2SNKMA
650 0 7 _aslovenskí spisovatelia
_2SNKPH
650 0 7 _aSlovak authors
_2SNKPHeng
655 7 _aspomienky
_2SMKPH
655 7 _aReminiscences
_2SNKPHeng
830 0 _aSlovenská próza
910 _akis3gmm
942 _2ddc
_cKLDO
_n0
949 _asnklmMK 6148
949 _64710700174
_91
_astrmkB
_bstrmk2008/174
949 _6273K0331338
_asvkpoA 81150
_bsvkpo183730
949 _6270001000632485
_asvkbbS 37322
_bsvkbbm 233076
949 _617A0919406
_asnkSD 39010
949 _617A0030079
_9P60, <04>, [BOOK], {604}
_asnkSD 39010 D1
949 _60133036223
_asnmk
_bsnmk36223
999 _c20930
_d20930